| 000 | 00582nam a2200241Ia 4500 | ||
|---|---|---|---|
| 003 | OSt | ||
| 005 | 20221005132751.0 | ||
| 006 | a|||||r|||| 00| 0 | ||
| 007 | ta | ||
| 008 | 221004b |||||||| |||| 00| 0 tam d | ||
| 024 | _a45501 | ||
| 037 | _cTextual | ||
| 040 |
_aCRL _cCRL _btam |
||
| 041 |
_2tam _atam |
||
| 082 | _aG, 31P2 | ||
| 100 |
_aKrishnamurthy Ed. _9641606 |
||
| 245 | 0 | _aUyir thozhil nutpaviyal | |
| 260 | _c2002 | ||
| 300 |
_a211p. _ccm. |
||
| 650 | _aBIOLOGY | ||
| 942 |
_hG, 31P2 _cTEXL _2cc |
||
| 999 |
_c1064748 _d1064748 |
||